Statistics for Countries Neighbouring EU

Click here to take the quiz!

General Stats

  • This quiz has been taken 126 times
    (44 since last reset)
  • The average score is 18 of 20

Answer Stats

Country % Correct
Turkey
98%
Albania
95%
Belarus
95%
Norway
93%
Switzerland
93%
Serbia
93%
Russia
93%
Ukraine
90%
San Marino
90%
Vatican City
90%
Montenegro
90%
Andorra
88%
Liechtenstein
88%
Bosnia and Herzegovina
88%
North Macedonia
88%
Monaco
83%
Moldova
83%
Brazil
78%
Morocco
70%
Suriname
70%

Score Distribution

Percentile by Number Answered

Percent of People with Each Score

Your Score History

You have not taken this quiz since the last reset